000 00288nam a22001337a 4500
008 181107b xxu||||| |||| 00| 0 eng d
020 _a1133941419
041 _aeng
080 _a371
100 _a46
101 _aEDU
245 _aThe confident student
_cKanar, C.C
942 _2udc
_cBK
999 _c52170
_d52170